| 000 | 00895nam a22002297i 4500 | ||
|---|---|---|---|
| 003 | URS | ||
| 005 | 20220117090633.0 | ||
| 008 | 180206b xxu||||| |||| 00| 0 eng d | ||
| 050 | 1 | 4 |
_aQL 634 _bJ762 1910 |
| 100 | 1 | _aJordan, David Starr | |
| 245 | 1 | 0 |
_aCheck-list of the species of fishes known from the Philippines archipelago / _cby David Starr Jordan and Robert Earl Richardson |
| 264 | 1 |
_aManila : _bBureau of Printing, _c1910 |
|
| 300 |
_a117 pages ; _bcolour illustrations ; _c22 cm |
||
| 336 |
_2rdacontent _atext |
||
| 336 |
_2rdacontent _astill image |
||
| 337 |
_2rdamedia _aunmediated |
||
| 338 |
_2rdacarrier _avolume |
||
| 524 | _aJordan, D. S., and Richardson, R. E. (1910). Check-list of the species of fishes known from the Philippines archipelago. Manila: Bureau of Printing. | ||
| 650 | 0 | _aFishes -- Philippine Islands | |
| 700 | 1 | _aRichardson, Robert Earl | |
| 942 |
_2lcc _cR |
||
| 999 |
_c6032 _d6032 |
||